Meilleurs Buteurs Sélection Belge - Statistiques

Statistiques générales
  • Ce quiz a été pris 84 fois
  • Le résultat moyen est 4 sur 15
Statistiques - réponses
Nbr Buts Joueur % Correct
85 Romelu Lukaku
100%
33 Eden Hazard
95%
30 Kevin De Bruyne
95%
21 Dries Mertens
56%
27 Michy Batshuayi
37%
29 Marc Wilmots
22%
23 Jan Ceulemans
14%
30 Paul Van Himst
13%
24 Wesley Sonck
5%
30 Bernard Voorhoof
1%
28 Jef Mermans
1%
23 Marc Degryse
1%
26 Raymond Braine
1%
26 Robert De Veen
1%
21 Rick Coppens
0%
Aucun quiz correspondant
Distribution des résultats
% des personnes avec chaque résultat
Percentile par nombre de réponses
Votre historique - résultats
Vous n’avez pas pris ce quiz